Methodist or Muppet? Quiz Stats

Quiz not verified by Sporcle

Challenge
Share
Tweet
Embed
Score 0/20 Timer 06:00
0 Plays Today
Quote B or W % Correct
Mee-mee.???
95.3%
Meep.???
95.1%
Mee-mee-mee mee. Mee mee.???
94.9%
Meeeeeeeeeeeeeeeeeeeeeee.???
94.9%
Meep-meep.???
94.7%
Mee. Mee-mee-mee mee. Mee-mee.???
94.5%
Mee!???
94.5%
Mee-mee-mee-mee-mee-mee.???
94.5%
Mee-mee-mee.???
94.3%
Mee-mee-mee mee. Mee.???
93.9%
Quote B or W % Correct
Mee.???
93.7%
Love is the fulfilling of the law, the end of the commandment. It is not only 'the first and great' command, but all the commandments in one.???
93.5%
When I have money, I get rid of it quickly, lest it find a way into my heart.???
93.1%
You may be as orthodox as the devil and as wicked.???
93.1%
Think not the bigotry of another is any excuse for your own. It is not your part to return evil for evil.???
93.1%
The giving up of witchcraft is in effect the giving up of the Bible. ???
92.9%
I value all things only by the price they shall gain in eternity.???
92.7%
The longer I live, the larger allowances I make for human infirmities. I exact more from myself, and less from others.???
92.4%
Never dream of forcing men into the ways of God. Think yourself, and let think.???
92.2%
I look on all the world as my parish.???
91.8%

You're not logged in!

Compare scores with friends on all Sporcle quizzes.
Join for Free
OR
Log In

You Might Also Like...

Show Comments

Extras

Top Quizzes Today


Score Distribution

Your Account Isn't Verified!

In order to create a playlist on Sporcle, you need to verify the email address you used during registration. Go to your Sporcle Settings to finish the process.

Report this User

Report this user for behavior that violates our Community Guidelines.

Details: